Herken deze plekken in Eindhoven - Statistieken

Algemene statistieken
  • Deze quiz is 13 keer genomen
  • De gemiddelde score is 8 van 13
Antwoordstatistieken
Hint Antwoord % Correct
Dit stadion is de thuisbasis van PSV. Philips Stadion
100%
Langste straat met café 's van Nederland Stratumseind
100%
Dit is het grootste station van de stad. Eindhoven centraal
90%
Jaar waarin PSV werd opgericht 1913
70%
Bekend voetbaltrainingscomplex van PSV De Herdgang
70%
Hier vind je veel creatieve bedrijven en oude fabriekshallen. Strijp-S
70%
Rivier die door Eindhoven loopt. De Dommel
60%
Groot overdekt winkelcentrum Heuvel Galerie
60%
Groot zwembadcomplex De Tongelreep
50%
Bekend en groot indoor skatepark Area 51
40%
bekende winkelstraat in het centrum Demer
40%
Museum over uitvindingen en technologie Evoluon
20%
Populair natuurgebied net buiten de stad Genneper Parken
20%
Geen overeenkomende quizzen gevonden
Scoreverdeling
Procent van Mensen met Elke Score
Percentiel versus Aantal Correcte Antwoorden
Uw Scoregeschiedenis
U heeft deze quiz nog niet genomen